| 000 | 00734nam a2200253 a 4500 | ||
|---|---|---|---|
| 003 | Co-PeBPM | ||
| 005 | 20251019222305.0 | ||
| 008 | 231129s1984||||xx |||||||||||||| ||spa|| | ||
| 020 | _a84-206-1091-7 | ||
| 040 |
_bspa _aCo-PeBPM _cCo-PeBPM _eRDA |
||
| 041 | _aspa | ||
| 082 | _a242.1 T316l | ||
| 100 |
_aSanta Teresa de Jesús _eAutor |
||
| 245 | 0 | _aLibro de las fundaciones | |
| 250 | _aTercera | ||
| 264 | _aAlianza Editorial, Madrid (España); 1984 | ||
| 300 |
_a269 páginas; _c18 páginas |
||
| 490 | _aSección clásicos | ||
| 500 | _aIncluye índice | ||
| 505 | _aIncluye índice | ||
| 650 | 1 | 4 |
_2LEMB _aViajes _vTravesías _xCaminos |
| 650 | 1 | 4 | _vReligiosas |
| 942 |
_2ddc _cBK _n0 |
||
| 999 |
_c19231 _d19231 |
||